000 00733nam a22002417a 4500
003 UA-OsUOA
001 34062
007 ta
008 20050921b un ||||| |||| 00| 0 ukr d
100 _aМамонтов А. В.
700 _aЩерба Н. Н.
090 _a016
_bМ22
942 _cBK
040 _aUA-OsUOA
_brus
_cUA-OsUOA
_dUA-OsUOA
245 _aКраеведческая библиография
_bУчебник для библ. фак. ин-тов культуры и пед. вузов
300 _a166 с.
955 _a2
041 _arus
080 _a016
260 _aМ.
_bКнига
_c1978
650 7 _a01 Бібліографія і бібліографії. Каталоги
_2UDC
999 _c320494
_d320494